|
|
|
|
| LEADER |
01201nam a2200289 a 4500 |
| 001 |
000015747 |
| 003 |
CZ BrMZK |
| 005 |
20020315092122.0 |
| 008 |
010907s1993 xr cze d |
| 040 |
|
|
|a BOA001
|b cze
|
| 041 |
0 |
|
|a cze
|b eng
|
| 080 |
|
|
|a 929 Chmelař, Vilém
|2 MRF
|
| 080 |
|
|
|a 159.9(437.1)"19":92 Chmelař, Vilém
|2 MRF
|
| 100 |
1 |
|
|a Viewegh, Josef,
|d 1928-2003
|7 jk01142310
|4 aut
|
| 245 |
1 |
0 |
|a Osobnost a doba :
|b 100 let od nar. čes. psychologa univ. prof. PhDr. Viléma Chmelaře, DrSc., člena korespondenta ČSAV /
|c Josef Viewegh.
|
| 260 |
|
|
|a Brno :
|b <<Filozofická fakulta (Brno)=Filozofická fakulta Brno=Filozofická fakulta>>,
|c 1993
|
| 300 |
|
|
|a S. 8-15.
|
| 500 |
|
|
|a Bibliogr. s. 15
|
| 500 |
|
|
|a Souhrn angl.
|
| 500 |
|
|
|a Zvl. ot.: Sborník prací filozofické fakulty brněnské univ. Studia Minora facultatis philosophicae universitatis Brunensis. 1993, I, 27
|
| 653 |
0 |
|
|a Chmelař, Vilém 1892-1975
|
| 910 |
|
|
|a BOA001
|b X2-1004.767
|
| 962 |
|
|
|a 159.9
|
| 962 |
|
|
|a 929
|
| 964 |
|
|
|a Chmelař
|b Vilém
|f 1892-1975
|x život
|x dílo psychologické
|
| 990 |
|
|
|a BK
|
| 996 |
7 |
|
|b 2610015898
|c X2-1004.767
|l MZK
|r Sklad / do 24 hodin
|n 1
|p dar
|w 000015747
|u 000010
|a 1
|e BOA001
|j MZK50
|s A
|